| 000 | 00332nam a22001217a 4500 | ||
|---|---|---|---|
| 008 | 260530b |||||||| |||| 00| 0 eng d | ||
| 082 | _a001958 | ||
| 100 | _aNagasampige, A V and Badharinathacharya, C H | ||
| 245 | _aYatikula Chakrvarthi | ||
| 260 |
_aBangalore _bPoorna Prajna Samshodhan Trust _c2017 |
||
| 300 | _a497p | ||
| 942 | _2ddc | ||
| 999 |
_c1473 _d1473 |
||